Statistics for Guess The Brand Logo#2

Click here to take the quiz!

General Stats

  • This quiz has been taken 97 times
  • The average score is 8 of 20

Answer Stats

Answer% Correct
Pokemon
90%
Marvel
84%
Google
80%
TikTok
80%
Hulu
42%
Bing
41%
O'Reilly
38%
Febreze
36%
Apple
33%
Rockstar
32%
Whataburger
31%
BOSE
25%
Arby's
23%
Audi
23%
IMDB
23%
Android
20%
Red Robin
20%
Intel
19%
Volkswagon
8%
Epic Games
7%

Score Distribution

Percentile by Number Answered

Percent of People with Each Score

Your Score History

You have not taken this quiz